¿Chicos de la calle o trabajo chico? Ensayo sobre la función paterna /
Contenido: Prólogo, Alfredo Grande.- Introducción, J. Grima, A. Le Fur.- Una mirada epistemológica, A. Le Fur.- Una mirada sociológica, J. Grima.- Una mirada sobre los orígenes, J. Grima.- Una mirada antropológica, A. Le Fur.- Una mirada histórica, A. Le Fur.- Una mirada jurídica, J. Grima.- Una mir...
Đã lưu trong:
| Tác giả chính: | |
|---|---|
| Tác giả khác: | , |
| Định dạng: | Texto |
| Được phát hành: |
Buenos Aires:
Lumen/Hvmanitas
|
| Những chủ đề: | |
| Các nhãn: |
Thêm thẻ
Không có thẻ, Là người đầu tiên thẻ bản ghi này!
|
MARC
| LEADER | 00000 a a2200000 04500 | ||
|---|---|---|---|
| 001 | 19046 | ||
| 003 | |||
| 040 | |||
| 090 | |a 145000 | ||
| 100 | |a Grima, José Manuel | ||
| 245 | |a ¿Chicos de la calle o trabajo chico? Ensayo sobre la función paterna / |c José Manuel Grima | ||
| 260 | |a Buenos Aires: |b Lumen/Hvmanitas | ||
| 300 | |a 253 p. | ||
| 300 | |b il. |b fonodiscos | ||
| 520 | |a Contenido: Prólogo, Alfredo Grande.- Introducción, J. Grima, A. Le Fur.- Una mirada epistemológica, A. Le Fur.- Una mirada sociológica, J. Grima.- Una mirada sobre los orígenes, J. Grima.- Una mirada antropológica, A. Le Fur.- Una mirada histórica, A. Le Fur.- Una mirada jurídica, J. Grima.- Una mirada sobre la subjetividad de nuestro tiempo, A. Le Fur.- Una mirada psicoanalítica, A. Le Fur.- A tiempo de concluir, J. Grima, A. Le Fur. DOC/ALJ | ||
| 650 | |a NIÑOS | ||
| 650 | |a TRABAJADORES JOVENES | ||
| 650 | |a TRABAJO DE MENORES | ||
| 650 | |a NIÑOS DE LA CALLE | ||
| 650 | |a INVESTIGACION SOCIAL | ||
| 650 | |a ANALISIS SOCIOLOGICO | ||
| 650 | |a ASPECTOS SOCIALES | ||
| 650 | |a ABUSO DE MENORES | ||
| 650 | |a PSICOANALISIS | ||
| 650 | |a ANALISIS HISTORICO | ||
| 650 | |a ASPECTOS JURIDICOS | ||
| 700 | |a Le Fur, Alicia | ||
| 700 | |a Grande, Alfredo | ||
| 700 | |a | ||
| 999 | |c 17425 |d 17425 | ||
